000 00389nab a22001097u 4500
008 130520b2003 xxu||||| |||| 00| 0 spa d
041 _aspa
100 1 _aMbuy Beya, M. Bernadette
_970440
245 0 0 _aDar la palabra a los que no la tienen: Las mujeres africanas se ponen en pie
_cM. Bernadette Mbuy Beya
773 0 _tConcilium
_gnº300,2003,págs. 147-331
_x0210-1041
_wRev134
942 _cAR
999 _c363806
_d363806